| 000 | 00862nam a2200313Ia 4500 | ||
|---|---|---|---|
| 008 | 170203s9999 xx 000 0 und d | ||
| 020 | _a9781586487591 | ||
| 050 | _a973.049607 | ||
| 050 | _b.O12b 2007 | ||
| 100 | _aObama, Barack. | ||
| 245 | _aBarack Obama in his own words / | ||
| 245 | _cedited by Lisa Rogak. | ||
| 250 | _a1st Carroll & Graf ed. | ||
| 260 | _aNew York : | ||
| 260 | _bCarroll & Graf, | ||
| 260 | _cc2007. | ||
| 300 | _axvi, 166 pages. ; | ||
| 300 | _c19 cm. | ||
| 650 | _aAfrican American legislators-- | ||
| 650 | _aLegislators--United States-- | ||
| 650 | _aObama, Barack-- | ||
| 650 | _aObama, Barack-- | ||
| 650 | _aPresidential candidates--United States-- | ||
| 650 | _xPolitical and social views. | ||
| 650 | _xQuotations. | ||
| 650 | _xQuotations. | ||
| 650 | _xQuotations. | ||
| 650 | _xQuotations. | ||
| 999 |
_c305490 _d305490 |
||